Viable education for the tribals: (Record no. 157610)

MARC details
000 -LEADER
fixed length control field 00680nam a22001937a 4500
005 - DATE AND TIME OF LATEST TRANSACTION
control field 20180920163107.0
010 ## - LCCN (DPL NO)
LC control number ENG-124016
020 ## - INTERNATIONAL STANDARD BOOK NUMBER
Terms of availability 120.00
035 ## - SYSTEM CONTROL NUMBER
System control number EN-107548
037 ## - SOURCE OF ACQUISITION
Source of stock number/acquisition DBAD/PUB
082 ## - DEWEY DECIMAL CLASSIFICATION NUMBER
Classification number 305.80095455
100 ## - MAIN ENTRY--PERSONAL NAME
Personal name Pahru, Z.K.
245 ## - TITLE STATEMENT
Title Viable education for the tribals:
Statement of responsibility, etc by Z.K. Pahru,
Remainder of title a poumai naga perspective /
260 ## - PUBLICATION, DISTRIBUTION, ETC. (IMPRINT)
Place of publication, distribution, etc Guwahati
Date of publication, distribution, etc 2010
Name of publisher, distributor, etc North Eastern Social Research Centre
270 ## - ADDRESS
City Guwahati
Address Jagriti 2nd Floor, Arunadai Path, GMC Road, Christian Basti
Postal code 781005
300 ## - PHYSICAL DESCRIPTION
Extent 174p.
Dimensions 21(pbk.)
500 ## - GENERAL NOTE
General note It includes references, endnotes, glosssary publications of NESRC
942 ## - ADDED ENTRY ELEMENTS (KOHA)
Source of classification or shelving scheme Dewey Decimal Classification
Item type English Books
Classification part 305.80095455
Call number suffix PAH
Holdings
Withdrawn status Lost status Not for loan Collection code Home library Current library Date acquired Source of acquisition Cost, normal purchase price Full call number Barcode Copy number Cost, replacement price Koha item type
    Not For Loan Non-fiction D.B.Act.Division Sarojini Nagar 20/09/2018 DBAD/PUB 120.00 305.80095455 PAH EN-107548 1 120.00 English Books

© Delhi Public Library
Hit Counter
free hit counter